000 nam a22 a 4500
999 _c403945
_d403945
003 BLK
005 20210406123003.0
008 210330b bu |||||r|||| 00| | bu d
040 _aBLK
041 _aBUL
_cBUL
080 _aСтопански, индустриални и търговски предприятия. Търговски къщи, фирми. Производствени обединения. Концерни. Вж и 347. 7; 658
_b347.7
_z347.7
139 _aДоклад от индустриялната коммисия
245 _aДоклад от индустриялната коммисия
257 _aBGR
260 _aСофия
_c1890
_fСофия : Държ. печатница
300 _a68 с.
_c25 см
380 _a3
490 _9435080
_aКолекция Редки и ценни издания
650 7 _9168194
_aПрофесионално образование - България
653 7 _9187642
_aиндустриализация
653 7 _9194810
_aпрофесионално образование
852 _aРб 890
_bРц
942 _cKNG
_n0
_s1
944 _aCR
_c2021-03-30
_kХристина Везирева
999 _d403945
999 _d403945